Score 0/36 Timer 08:00
6 Plays Today
% Correct
Oliver!
87.4%
Goldfinger
81.5%
Lawrence of Arabia
80.9%
The King's Speech
80.2%
Wallace & Gromit: The Curse of the Were-Rabbit
72.8%
Hot Fuzz
71.6%
Elizabeth
70.3%
Chariots of Fire
68.8%
Trainspotting
65.9%
A Hard Day's Night
65.9%
Four Weddings and a Funeral
58.9%
Monty Python's The Life of Brian
54.8%
The Full Monty
54.5%
The English Patient
50.9%
Doctor Zhivago
50%
28 Days Later
49.5%
Tinker Tailor Soldier Spy
48.2%
Zulu
46.6%
% Correct
Atonement
45.7%
The Wicker Man
45.1%
The Railway Children
43.7%
Children of Men
41.9%
Kes
35.8%
This Is England
34.6%
Withnail and I
34.4%
The Italian Job
31.3%
Get Carter
28.9%
The Red Shoes
27.7%
The Prime of Miss Jean Brodie
23.2%
Quadrophenia
23.1%
The Ladykillers
22.2%
The Crying Game
21.5%
East Is East
19.8%
In the Loop
19.1%
An Education
15.4%
Secrets & Lies
13.1%
Remove Ads.
Support Sporcle.
Get the best of Sporcle when you Go Orange. This ad-free experience offers more features, more stats, and more fun while also helping to support Sporcle. Thank you for becoming a member.

You're not logged in!

Compare scores with friends on all Sporcle quizzes.
OR
Log In

Show Comments

Extras

Top Quizzes Today


Score Distribution

Your Account Isn't Verified!

In order to create a playlist on Sporcle, you need to verify the email address you used during registration. Go to your Sporcle Settings to finish the process.

Report this User

Report this user for behavior that violates our Community Guidelines.

Details: